000 00471nam a22001457a 4500
082 _a954.91
_bRAS
_cDonation
100 _aBrig (R) Haroon Ur Rashid, SI(M)
_946514
245 _aHistory of the Pathans
250 _a4th
260 _aPrinto Grapics 4, Ali Plaza, 27 East, Block B, Fazal-e Haq Road Blue Area, Islamabad
_bBrig (R) Haroon Ur Rashid
_c2011
300 _aP-532
_bIllus
526 _a0
_b0
_c0
_d954_910000000000000_RAS
650 _aMCE
_9379
942 _2ddc
_cBK
999 _c549832
_d549832